LIBRARY & INFORMATION CENTRE, KCAET, TAVANUR

ONLINE PUBLIC ACCESS CATALOGUE (OPAC)

Programming in BASIC / (Record no. 2980)

MARC details
000 -LEADER
fixed length control field 00557cam a2200217ua 4500
020 ## - INTERNATIONAL STANDARD BOOK NUMBER
ISBN 0 07 46005 9
041 ## - LANGUAGE CODE
Language code of text/sound track or separate title eng
082 ## - DEWEY DECIMAL CLASSIFICATION NUMBER
Classification number 005.133
Item number BAL/PR
100 ## - MAIN ENTRY--AUTHOR NAME
Personal name Balagurusamy, E .
245 ## - TITLE STATEMENT
Title Programming in BASIC /
250 ## - EDITION STATEMENT
Edition statement 3 /
260 ## - PUBLICATION, DISTRIBUTION, ETC. (IMPRINT)
Place of publication New Delhi :
Name of publisher Tata Mc-Graw Hill Publishing Company ,
Year of publication 1993.
300 ## - PHYSICAL DESCRIPTION
Number of Pages 317 ; .
500 ## - GENERAL NOTE
General note 18293-94 Scheme
942 ## - ADDED ENTRY ELEMENTS (KOHA)
Koha item type Books
Holdings
Withdrawn status Lost status Damaged status Home library Current library Shelving location Date acquired Cost, normal purchase price Full call number Accession Number Koha item type
      KAUAET   Scheme 07/04/2012 84.00 005.133 18293 Books
      KAUAET   Scheme 07/04/2012 84.00 005.133 18294 Books
      KAUAET KAUAET   02/09/1986   005.133 15655 Books
Withdrawn     KAUAET KAUAET   06/02/2025 84.00 005.133 BAL/PR 18295 Books
free website counter